000 01184cam a22003255i 4500
001 12096153
003 EG-ScBUE
005 20251207104017.0
008 000705t2001 waua f b 101 0 eng d
020 _a0841237255 (alk. paper)
020 _a9780841237254
040 _aEG-ScBUE
_beng
_erda
_cEG-ScBUE
_dEG-ScBUE
082 0 4 _a547.7045422
_222
_bSTI
245 0 0 _aStimuli-responsive water soluble and amphiphilic polymers /
_cCharles L. McCormick, editor, the University of Southern Mississippi.
264 1 _aWashington, DC :
_bAmerican Chemical Society,
_c[2001]
264 4 _cc2001
300 _axii, 352 pages :
_billustrations ;
_c24 cm.
336 _2rdacontent
_atext
_btxt
337 _aunmediated
_2rdamedia
_bn
338 _avolume
_bnc
_2rdacarrier
490 0 _aACS symposium series,
_x0097-6156 ;
_v780
504 _aIncludes bibliographical references and index.
650 7 _aWater soluble polymers
_vCongresses.
_2BUEsh
_939656
650 7 _aAmphiphiles.
_2BUEsh
_939655
650 7 _aSmart materials
_vCongresses.
_2BUEsh
_939657
653 _bPPhrm
_cMarch2016
655 _vReading book
700 1 _aMcCormick, Charles L.,
_d1946-
_eeditor.
942 _2ddc
_cBB
999 _c21490
_d21462